[Event "ODEM U25A 2013"]
[Site "Oberhof GER"]
[Date "2013.05.22"]
[Round "6"]
[White "Beck, Michael"]
[Black "Stark, Timo"]
[Result "1-0"]
[Termination "normal"]
[Board "24"]
[WhiteElo "1985"]
[BlackElo "1843"]
[PlyCount "81"]
[WhiteFideId "1271924"]
[BlackFideId "4670183"]
[EventCountry "GER"]
[EventRounds "9"]
[EventType "swiss"]
[EventDate "2013.05.18"]

1. e4 c5 2. d3 Nc6 3. g3 e6 4. Bg2 Nf6 5. Nf3 d5 6. Nbd2 Be7 7. O-O O-O 8. Re1
Qc7 9. e5 Nd7 10. Qe2 b6 11. c3 Ba6 12. h4 Rac8 13. Nf1 b5 14. N1h2 d4 15. Bf4
Qb6 16. Ng5 c4 17. Be4 h6 18. Qh5 f5 19. Nxe6 fxe4 20. Qg6 Rf7 21. Ng4 Kh8 22.
Qxf7 Rg8 23. Nxh6 gxh6 24. Qh5 Nf8 25. Bxh6 Nh7 26. Qf7 Bf8 27. Bxf8 Nxf8 28.
Qf6+ Kh7 29. Nxf8+ Rxf8 30. Qxf8 dxc3 31. Qf5+ Kh8 32. bxc3 cxd3 33. Rxe4 Qc7
34. Qh5+ Kg7 35. Rg4+ Kf8 36. Qh8+ Ke7 37. Rg7+ Ke6 38. Rxc7 Nxe5 39. Re7+ Kxe7
40. Qxe5+ Kd7 41. Qd4+ 1-0

[Event "ODEM U25A 2013"]
[Site "Oberhof GER"]
[Date "2013.05.22"]
[Round "6"]
[White "Mehling, Franziska"]
[Black "Yin, Stanley"]
[Result "1-0"]
[Termination "normal"]
[Board "25"]
[WhiteElo "1690"]
[BlackElo "2018"]
[PlyCount "41"]
[WhiteFideId "12900133"]
[BlackFideId "24622729"]
[EventCountry "GER"]
[EventRounds "9"]
[EventType "swiss"]
[EventDate "2013.05.18"]

1. d4 Na6 2. c4 c6 3. Nc3 d6 4. e4 Nf6 5. f3 g6 6. Be3 Bg7 7. Nge2 Nc7 8. Qd2
b5 9. Nc1 bxc4 10. Bxc4 d5 11. Be2 dxe4 12. fxe4 O-O 13. O-O Bb7 14. Nb3 Rb8
15. Nc5 Nb5 16. Rad1 Nd7 17. Nxb7 Rxb7 18. Bc4 Nb6 19. Bb3 Nxd4 20. Bxd4 Rd7
21. Bxb6 1-0

[Event "ODEM U25A 2013"]
[Site "Oberhof GER"]
[Date "2013.05.22"]
[Round "6"]
[White "Kast, Joannis"]
[Black "Göttel, Tobias"]
[Result "0-1"]
[Termination "normal"]
[Board "26"]
[WhiteElo "1823"]
[BlackElo "1989"]
[PlyCount "108"]
[WhiteFideId "24698776"]
[BlackFideId "24693316"]
[EventCountry "GER"]
[EventRounds "9"]
[EventType "swiss"]
[EventDate "2013.05.18"]

1. e4 c5 2. Nf3 d6 3. d4 cxd4 4. Nxd4 Nf6 5. f3 a6 6. c4 e6 7. Nc3 Be7 8. Be3
Qc7 9. Qd2 Nbd7 10. Be2 b6 11. O-O Bb7 12. Rfd1 O-O 13. Rac1 Rad8 14. Bf1 Rfe8
15. Qf2 Qb8 16. Nc2 Ba8 17. Kh1 Nc5 18. b4 Ncd7 19. a3 Rc8 20. Nd4 Rc7 21. Rc2
Ne5 22. Na4 Nfd7 23. Rdc1 Rec8 24. Nb2 Nc6 25. Nb3 a5 26. b5 Nce5 27. Na4 Nc5
28. Naxc5 dxc5 29. Bf4 Rd7 30. Rd2 Rxd2 31. Qxd2 Rd8 32. Qc2 Bd6 33. Bxe5 Bxe5
34. g3 Qd6 35. a4 Qe7 36. Kg2 Bd4 37. Rd1 e5 38. Bd3 Qg5 39. Qe2 Bb7 40. h4 Qe7
41. Rh1 Rd6 42. g4 Rf6 43. Kg3 Rf4 44. h5 Qg5 45. Rf1 Rf6 46. Kg2 Qf4 47. Rh1
Rd6 48. Rd1 Bc8 49. Rh1 h6 50. Rd1 Be6 51. Re1 Qg5 52. Kg3 Qd8 53. Kg2 Bc3 54.
Rd1 Bxc4 0-1

[Event "ODEM U25A 2013"]
[Site "Oberhof GER"]
[Date "2013.05.22"]
[Round "6"]
[White "Hartmann, Jakob"]
[Black "Donath, Johann"]
[Result "0-1"]
[Termination "normal"]
[Board "27"]
[WhiteElo "1719"]
[BlackElo "1958"]
[PlyCount "50"]
[WhiteFideId "12918067"]
[BlackFideId "24685160"]
[EventCountry "GER"]
[EventRounds "9"]
[EventType "swiss"]
[EventDate "2013.05.18"]

1. e4 e5 2. Nf3 Nc6 3. Bc4 Bc5 4. c3 Nf6 5. d4 exd4 6. e5 d5 7. Bb5 Ne4 8. cxd4
Bb6 9. Bxc6+ bxc6 10. O-O O-O 11. Nbd2 Bg4 12. Nb3 f6 13. Qd3 Qe8 14. exf6 Bxf3
15. Qxf3 Rxf6 16. Qd3 Qf7 17. Be3 Rf8 18. f3 Nd6 19. Nd2 Nf5 20. Bf2 Qg6 21.
Nb3 Qg5 22. Rae1 Rg6 23. g4 h5 24. h4 Qf4 25. g5 Kh7 0-1

[Event "ODEM U25A 2013"]
[Site "Oberhof GER"]
[Date "2013.05.22"]
[Round "6"]
[White "Engers, Felix"]
[Black "Diller, Daniel"]
[Result "0-1"]
[Termination "normal"]
[Board "28"]
[WhiteElo "1804"]
[BlackElo "1822"]
[PlyCount "38"]
[WhiteFideId "12908282"]
[BlackFideId "12908983"]
[EventCountry "GER"]
[EventRounds "9"]
[EventType "swiss"]
[EventDate "2013.05.18"]

1. c4 c5 2. Nc3 g6 3. g3 Bg7 4. Bg2 Nc6 5. d3 Nf6 6. Nf3 O-O 7. Rb1 d5 8. cxd5
Nxd5 9. Bd2 Nc7 10. O-O Bd7 11. a3 a5 12. Na4 Ne6 13. Bc3 Ncd4 14. Bxd4 cxd4
15. Rc1 Bh6 16. Rb1 b5 17. Nxd4 bxa4 18. Bxa8 Qxa8 19. Nf3 Nc5 0-1

[Event "ODEM U25A 2013"]
[Site "Oberhof GER"]
[Date "2013.05.22"]
[Round "6"]
[White "Schroeder, Stefan"]
[Black "Lansky, Georg"]
[Result "0-1"]
[Termination "normal"]
[Board "30"]
[WhiteElo "1694"]
[BlackElo "1852"]
[PlyCount "88"]
[WhiteFideId "12971707"]
[BlackFideId "1270625"]
[EventCountry "GER"]
[EventRounds "9"]
[EventType "swiss"]
[EventDate "2013.05.18"]

1. d4 d5 2. c4 e6 3. Nc3 Nf6 4. Bg5 Be7 5. e3 O-O 6. Nf3 Nbd7 7. Rc1 h6 8. Bh4
c6 9. Qc2 Re8 10. a3 dxc4 11. Bxc4 Nd5 12. Bxe7 Qxe7 13. b4 N7b6 14. Bd3 Nxc3
15. Qxc3 Nd5 16. Qc2 Bd7 17. O-O a5 18. Qd2 axb4 19. e4 Nc7 20. axb4 Ra4 21. b5
Qb4 22. Qxb4 Rxb4 23. Ne5 Rxd4 24. bxc6 Bxc6 25. Nxc6 bxc6 26. Rxc6 Re7 27. Bc2
e5 28. f3 Rb4 29. Bd3 Ne6 30. Rc8+ Kh7 31. Rfc1 Rd7 32. Bf1 Ra7 33. R8c2 f6 34.
Kf2 Nd4 35. Rd2 Rab7 36. Rcd1 h5 37. Ke3 Kh6 38. h3 h4 39. Kf2 Kg5 40. Ke3 Rb3+
41. Rd3 Nc2+ 42. Kf2 Rb2 43. R3d2 Kf4 44. Bd3 Ne3 0-1

[Event "ODEM U25A 2013"]
[Site "Oberhof GER"]
[Date "2013.05.22"]
[Round "6"]
[White "Werner, Justus"]
[Black "Stark, Sven"]
[Result "1/2-1/2"]
[Termination "normal"]
[Board "31"]
[WhiteElo "1652"]
[BlackElo "1862"]
[PlyCount "42"]
[WhiteFideId "12941107"]
[BlackFideId "4670124"]
[EventCountry "GER"]
[EventRounds "9"]
[EventType "swiss"]
[EventDate "2013.05.18"]

1. c4 c5 2. Nc3 Nc6 3. g3 e6 4. Bg2 Be7 5. Nf3 Nf6 6. O-O d5 7. cxd5 exd5 8. d4
O-O 9. Be3 cxd4 10. Nxd4 Be6 11. Rc1 Nxd4 12. Bxd4 Qa5 13. Qb3 b6 14. Rfd1 Rac8
15. Qb5 Qxb5 16. Nxb5 Bc5 17. e3 a6 18. Nc3 Bxd4 19. Rxd4 Rc4 20. Rcd1 Rxd4 21.
Rxd4 Rc8 1/2-1/2

[Event "ODEM U25A 2013"]
[Site "Oberhof GER"]
[Date "2013.05.22"]
[Round "6"]
[White "Torzinski, Nils"]
[Black "Baudy, Niklas"]
[Result "1/2-1/2"]
[Termination "normal"]
[Board "32"]
[WhiteElo "1805"]
[BlackElo "1675"]
[PlyCount "59"]
[WhiteFideId "24695840"]
[BlackFideId "24698849"]
[EventCountry "GER"]
[EventRounds "9"]
[EventType "swiss"]
[EventDate "2013.05.18"]

1. e4 c5 2. Nc3 Nc6 3. f4 g6 4. Bc4 e6 5. Nf3 Bg7 6. O-O Nge7 7. f5 d5 8. fxe6
Bxe6 9. exd5 Nxd5 10. Nxd5 Bxd5 11. Re1+ Ne7 12. Bb5+ Kf8 13. d3 h6 14. c3 a6
15. Ba4 Kg8 16. Ne5 f6 17. Nxg6 Nxg6 18. Re8+ Qxe8 19. Bxe8 Rxe8 20. Qh5 Bf7
21. Qxc5 Ne5 22. Qe3 Kh7 23. d4 Nc6 24. Qg3 Re7 25. Bd2 Rhe8 26. Re1 Rxe1+ 27.
Bxe1 Bxa2 28. Qd3+ Kg8 29. Bd2 b5 30. Bxh6 1/2-1/2

[Event "ODEM U25A 2013"]
[Site "Oberhof GER"]
[Date "2013.05.22"]
[Round "6"]
[White "Weiss, Reinhold"]
[Black "Arns, Alexander"]
[Result "1/2-1/2"]
[Termination "normal"]
[Board "33"]
[WhiteElo "1861"]
[BlackElo "1685"]
[PlyCount "46"]
[WhiteFideId "12966436"]
[BlackFideId "12944009"]
[EventCountry "GER"]
[EventRounds "9"]
[EventType "swiss"]
[EventDate "2013.05.18"]

1. e4 d5 2. exd5 Qxd5 3. Nc3 Qd6 4. d4 Nf6 5. Bd3 a6 6. Nge2 e6 7. Bf4 Qc6 8.
O-O Be7 9. Ng3 O-O 10. Nge4 Nbd7 11. Qf3 Rd8 12. Rad1 Qb6 13. Rfe1 Nxe4 14.
Bxe4 Nf8 15. Bd3 Ng6 16. Bxg6 hxg6 17. d5 Bf6 18. Qg3 Qxb2 19. Be5 Qxc2 20.
Bxf6 gxf6 21. Qxc7 Rd7 22. Qc5 e5 23. g4 g5 1/2-1/2

[Event "ODEM U25A 2013"]
[Site "Oberhof GER"]
[Date "2013.05.22"]
[Round "6"]
[White "Vergin, Marcel"]
[Black "Herbrig, Marie-Helen"]
[Result "1-0"]
[Termination "normal"]
[Board "34"]
[WhiteElo "1801"]
[BlackElo "1762"]
[PlyCount "153"]
[BlackFideId "12900427"]
[EventCountry "GER"]
[EventRounds "9"]
[EventType "swiss"]
[EventDate "2013.05.18"]

1. d4 Nf6 2. Nf3 e6 3. e3 d5 4. Nbd2 Bd6 5. Bd3 O-O 6. O-O c5 7. c3 Nc6 8. dxc5
Bxc5 9. e4 Qc7 10. Qc2 Rd8 11. Re1 Ng4 12. Rf1 Nce5 13. Nxe5 Nxe5 14. Be2 b6
15. exd5 Rxd5 16. Nf3 Ng6 17. Bd3 Rb8 18. Be4 Rd7 19. Rd1 Ba6 20. Qa4 Bb5 21.
Rxd7 Qxd7 22. Qb3 Ba4 23. Qc4 f5 24. Bd3 a6 25. Bf1 Ra8 26. Qd3 Qc7 27. Be3 Bd6
28. b3 Bc6 29. Rd1 Rd8 30. Qe2 e5 31. Qxa6 Rb8 32. Qd3 Be7 33. Qxf5 Rf8 34.
Qe6+ Kh8 35. Be2 Rf6 36. Qc4 b5 37. Qg4 e4 38. Ng5 Ne5 39. Ne6 Nxg4 40. Nxc7
Nxe3 41. fxe3 Rf5 42. Ne6 Re5 43. Nd4 Be8 44. Rf1 g6 45. Kf2 Bg5 46. Bg4 Re7
47. Ke2 h5 48. Be6 Bh6 49. Bd5 Bd7 50. Rf7 Bg4+ 51. Kd2 Re5 52. Bc6 Rc5 53.
Bxb5 Bg7 54. Bc4 Bh6 55. Be6 Rg5 56. Bxg4 Rxg4 57. Rf2 Bg5 58. a4 Kg8 59. a5
Bd8 60. a6 Rg5 61. b4 Bb6 62. c4 Re5 63. c5 Bxc5 64. bxc5 Rxc5 65. a7 Ra5 66.
Nc6 Ra6 67. Kc1 Kg7 68. Kb1 g5 69. Rb2 Kf7 70. Rb8 g4 71. a8=Q Rxa8 72. Rxa8
Kf6 73. Kc2 Kg5 74. Kc3 Kf5 75. Rf8+ Kg5 76. g3 h4 77. Kd4 1-0

[Event "ODEM U25A 2013"]
[Site "Oberhof GER"]
[Date "2013.05.22"]
[Round "6"]
[White "Kempe, Markus"]
[Black "Lagunow, Elina"]
[Result "0-1"]
[Termination "normal"]
[Board "36"]
[WhiteElo "1649"]
[BlackElo "1759"]
[PlyCount "80"]
[WhiteFideId "24692638"]
[BlackFideId "4673387"]
[EventCountry "GER"]
[EventRounds "9"]
[EventType "swiss"]
[EventDate "2013.05.18"]

1. e4 c5 2. Nf3 Nc6 3. d4 cxd4 4. Nxd4 g6 5. Nc3 Bg7 6. Be3 Nf6 7. Bc4 Qa5 8.
O-O O-O 9. Bb3 Qc7 10. Re1 d6 11. f3 a6 12. a4 Bd7 13. Qd2 Nxd4 14. Bxd4 Bc6
15. a5 Nd7 16. Bxg7 Kxg7 17. Nd5 Bxd5 18. Qxd5 Nc5 19. Bc4 b5 20. Bb3 Qa7 21.
Kh1 Ne6 22. e5 Rad8 23. Rad1 Kg8 24. Qe4 Nc5 25. Qd4 dxe5 26. Qxe5 Nxb3 27.
cxb3 e6 28. h3 Qf2 29. Qf6 Rd2 30. Rg1 Rxb2 31. Rd8 Rxd8 32. Qxd8+ Kg7 33. Qb6
Qe2 34. Qxa6 Rxb3 35. Qb6 Ra3 36. a6 Qd3 37. Qb7 Qd5 38. Rb1 b4 39. Rxb4 Ra1+
40. Rb1 Qxb7 0-1

[Event "ODEM U25A 2013"]
[Site "Oberhof GER"]
[Date "2013.05.22"]
[Round "6"]
[White "Klosa, Kevin"]
[Black "Nobis, Philipp"]
[Result "1/2-1/2"]
[Termination "normal"]
[Board "37"]
[WhiteElo "1668"]
[BlackElo "1716"]
[PlyCount "47"]
[WhiteFideId "12900206"]
[BlackFideId "24602183"]
[EventCountry "GER"]
[EventRounds "9"]
[EventType "swiss"]
[EventDate "2013.05.18"]

1. d4 d5 2. Bf4 Bf5 3. Nf3 Nf6 4. e3 e6 5. c4 c6 6. Nc3 Be7 7. Qb3 Qb6 8. Nh4
Bg4 9. Bd3 Nbd7 10. h3 Bh5 11. Nf3 h6 12. g4 dxc4 13. Bxc4 Bg6 14. Ne5 Nxe5 15.
Bxe5 Qxb3 16. Bxb3 O-O 17. Rc1 Ne4 18. Nxe4 Bxe4 19. O-O Bf3 20. a3 Rac8 21.
Rc3 c5 22. Rfc1 b6 23. Ba4 a6 24. dxc5 1/2-1/2

[Event "ODEM U25A 2013"]
[Site "Oberhof GER"]
[Date "2013.05.22"]
[Round "6"]
[White "Zesewitz, Maik"]
[Black "Gamisch, Laura"]
[Result "0-1"]
[Termination "normal"]
[Board "38"]
[WhiteElo "1552"]
[BlackElo "1763"]
[PlyCount "82"]
[WhiteFideId "12905640"]
[BlackFideId "24615161"]
[EventCountry "GER"]
[EventRounds "9"]
[EventType "swiss"]
[EventDate "2013.05.18"]

1. d4 d5 2. c4 e6 3. Nf3 Nf6 4. Bg5 Nbd7 5. Nc3 c6 6. e3 Bb4 7. Bd3 Qa5 8. Bxf6
Bxc3+ 9. Ke2 Nxf6 10. bxc3 Qxc3 11. c5 O-O 12. Qa4 b5 13. Qc2 Qxc2+ 14. Bxc2 a5
15. Ne5 Bb7 16. a4 b4 17. f3 Rfd8 18. Kd2 Nd7 19. Ng4 h5 20. Nf2 e5 21. Rag1
exd4 22. exd4 Nf8 23. g4 h4 24. g5 Ne6 25. Rg4 Bc8 26. Bf5 Nxd4 27. Bxc8 Nxf3+
28. Ke2 Ne5 29. Bb7 Ra7 30. Bxc6 Nxc6 31. Rxh4 Re8+ 32. Kd2 Ne5 33. Rf4 Rc7 34.
Nd3 Nxd3 35. Kxd3 Rxc5 36. Rd4 Rc3+ 37. Kd2 Ra3 38. Rxd5 Rxa4 39. Rc1 Ra8 40.
h4 Ra2+ 41. Rc2 b3 0-1

[Event "ODEM U25A 2013"]
[Site "Oberhof GER"]
[Date "2013.05.22"]
[Round "6"]
[White "Täschner, Simon"]
[Black "Nitzsche, Pia"]
[Result "1/2-1/2"]
[Termination "normal"]
[Board "39"]
[WhiteElo "1504"]
[BlackElo "1662"]
[PlyCount "74"]
[WhiteFideId "1270971"]
[BlackFideId "12900370"]
[EventCountry "GER"]
[EventRounds "9"]
[EventType "swiss"]
[EventDate "2013.05.18"]

1. Nf3 c5 2. d3 Nc6 3. g3 g6 4. Bg2 Bg7 5. O-O Nf6 6. e4 d6 7. a4 Bg4 8. h3 Bd7
9. Nbd2 O-O 10. Nc4 Qc7 11. Nh4 Nh5 12. g4 Nf6 13. f4 Rad8 14. f5 a6 15. a5 Nd4
16. Bf4 Ne8 17. Nf3 Nxf3+ 18. Rxf3 Bb5 19. Ra2 Bxc4 20. dxc4 b5 21. cxb5 axb5
22. a6 Ra8 23. Qd5 Ra7 24. g5 Qb8 25. Rfa3 Nc7 26. Qd3 Qb6 27. Bf1 c4+ 28. Be3
cxd3 29. Bxb6 dxc2 30. Be3 Bd4 31. Bxd4 c1=Q 32. Bxa7 Qxg5+ 33. Bg2 Qc1+ 34.
Kh2 Qf4+ 35. Kh1 Rc8 36. Rc3 b4 37. Rc6 d5 1/2-1/2

[Event "ODEM U25A 2013"]
[Site "Oberhof GER"]
[Date "2013.05.22"]
[Round "6"]
[White "Herrmann, Heribert"]
[Black "Mauser, Tassilo Tino"]
[Result "1/2-1/2"]
[Termination "normal"]
[Board "40"]
[WhiteElo "1683"]
[BlackElo "1735"]
[PlyCount "79"]
[WhiteFideId "12971715"]
[BlackFideId "12925136"]
[EventCountry "GER"]
[EventRounds "9"]
[EventType "swiss"]
[EventDate "2013.05.18"]

1. c4 e5 2. g3 Nf6 3. Bg2 d5 4. cxd5 Nxd5 5. Nc3 Nb6 6. Nf3 Nc6 7. O-O Be7 8.
d4 exd4 9. Nb5 O-O 10. Nbxd4 Nxd4 11. Nxd4 Bf6 12. Nb3 c6 13. Qc2 Qe7 14. e4
Be6 15. Be3 Rfd8 16. f4 Bxb3 17. Qxb3 Bd4 18. Rfd1 Bxe3+ 19. Qxe3 Rxd1+ 20.
Rxd1 Rd8 21. Rxd8+ Qxd8 22. Bf3 g6 23. e5 a6 24. Be2 Nd5 25. Qd2 Qb6+ 26. Kg2
Kf8 27. Kf3 h5 28. Bc4 Qc5 29. Bxd5 cxd5 30. Qe3 Qc6 31. Qc3 Qb5 32. Ke3 Qb6+
33. Qd4 Qb5 34. h3 Qd7 35. Qc5+ Kg7 36. Qd6 Qxh3 37. Qf6+ Kf8 38. Qd8+ Kg7 39.
Qf6+ Kf8 40. Qd8+ 1/2-1/2

[Event "ODEM U25A 2013"]
[Site "Oberhof GER"]
[Date "2013.05.22"]
[Round "6"]
[White "Weber, Yannik"]
[Black "von Reppert, Marc"]
[Result "1/2-1/2"]
[Termination "normal"]
[Board "41"]
[WhiteElo "1542"]
[BlackElo "1681"]
[PlyCount "64"]
[WhiteFideId "24692700"]
[BlackFideId "12918130"]
[EventCountry "GER"]
[EventRounds "9"]
[EventType "swiss"]
[EventDate "2013.05.18"]

1. d4 f5 2. c4 e6 3. Nc3 Bb4 4. Bd2 Nf6 5. a3 Bxc3 6. Bxc3 O-O 7. f3 b6 8. Qc2
Bb7 9. O-O-O d5 10. e3 Qe8 11. Nh3 Nbd7 12. Nf4 Rc8 13. cxd5 Nxd5 14. Nxd5 exd5
15. Re1 Qf7 16. Bd3 c5 17. g4 cxd4 18. exd4 g6 19. gxf5 gxf5 20. Rhg1+ Kh8 21.
Rg5 f4 22. Rf5 Qg7 23. Rxf8+ Nxf8 24. Qa4 Bc6 25. Qb4 Ng6 26. Rg1 Qf6 27. Kb1
Bd7 28. Qb3 Bf5 29. Bxf5 Qxf5+ 30. Ka1 Re8 31. Bd2 Qf7 32. Rg5 Rd8 1/2-1/2

[Event "ODEM U25A 2013"]
[Site "Oberhof GER"]
[Date "2013.05.22"]
[Round "6"]
[White "Stoll, Katja"]
[Black "Wastian, Jan"]
[Result "1-0"]
[Termination "normal"]
[Board "42"]
[WhiteElo "1766"]
[BlackElo "1636"]
[PlyCount "51"]
[WhiteFideId "1271730"]
[BlackFideId "12911640"]
[EventCountry "GER"]
[EventRounds "9"]
[EventType "swiss"]
[EventDate "2013.05.18"]

1. e4 c6 2. d4 d5 3. exd5 cxd5 4. Bd3 Nc6 5. c3 Qc7 6. h3 Nf6 7. Nf3 e6 8. O-O
Be7 9. Re1 O-O 10. Bg5 Rb8 11. Qc2 h6 12. Bh4 Bd7 13. Nbd2 Rfc8 14. Bg3 Bd6 15.
Bxd6 Qxd6 16. Nb3 Nb4 17. Qe2 Nxd3 18. Qxd3 Ne4 19. Ne5 a6 20. a4 b5 21. a5 b4
22. c4 Qe7 23. cxd5 Bb5 24. Qxe4 exd5 25. Qxd5 Qg5 26. Qxf7+ 1-0

[Event "ODEM U25A 2013"]
[Site "Oberhof GER"]
[Date "2013.05.22"]
[Round "6"]
[White "Sonnhalter, Stella"]
[Black "Greßmann, Hanna"]
[Result "1/2-1/2"]
[Termination "normal"]
[Board "43"]
[WhiteElo "1843"]
[BlackElo "1520"]
[PlyCount "57"]
[WhiteFideId "4624815"]
[BlackFideId "12930709"]
[EventCountry "GER"]
[EventRounds "9"]
[EventType "swiss"]
[EventDate "2013.05.18"]

1. e4 e5 2. Nf3 Nc6 3. Bc4 Bc5 4. c3 Nf6 5. d3 d6 6. Bb3 O-O 7. Nbd2 a6 8. Qe2
Ba7 9. Nf1 Ng4 10. Ne3 Nxe3 11. Bxe3 h6 12. O-O Qf6 13. h3 Be6 14. Nh2 Bxb3 15.
axb3 Qe6 16. b4 f5 17. Bxa7 Rxa7 18. f4 Raa8 19. b5 axb5 20. Rxa8 Rxa8 21. fxe5
Qxe5 22. Rxf5 Ra1+ 23. Nf1 Qg3 24. Rxb5 b6 25. d4 Ne7 26. Qf2 Qd3 27. Rh5 Qxe4
28. Rh4 Qe1 29. Qxe1 1/2-1/2

[Event "ODEM U25A 2013"]
[Site "Oberhof GER"]
[Date "2013.05.22"]
[Round "6"]
[White "Bastelberger, Julian"]
[Black "Fischer, Maxi"]
[Result "1/2-1/2"]
[Termination "normal"]
[Board "44"]
[WhiteElo "1710"]
[BlackElo "1497"]
[PlyCount "64"]
[WhiteFideId "12971693"]
[BlackFideId "24692395"]
[EventCountry "GER"]
[EventRounds "9"]
[EventType "swiss"]
[EventDate "2013.05.18"]

1. d4 d5 2. c4 c6 3. Nf3 Nf6 4. Nc3 a6 5. c5 Nbd7 6. Bg5 h6 7. Bh4 g5 8. Bg3
Nh5 9. e3 Nxg3 10. hxg3 Bg7 11. Qc2 e5 12. O-O-O Qc7 13. e4 exd4 14. Nxd4 Nxc5
15. exd5 O-O 16. Nf3 Rd8 17. dxc6 bxc6 18. Rxd8+ Qxd8 19. Bc4 Qf6 20. Re1 Bf5
21. Qe2 Rd8 22. Qe5 Nd3+ 23. Bxd3 Bxd3 24. Qxf6 Bxf6 25. Ne5 Bh7 26. Nxc6 Rd6
27. Ne5 Re6 28. Nf3 Rxe1+ 29. Nxe1 Bd4 30. Nd1 Kg7 31. Nc2 Bb6 32. Nde3 Be4
1/2-1/2

[Event "ODEM U25A 2013"]
[Site "Oberhof GER"]
[Date "2013.05.22"]
[Round "6"]
[White "Nguyen, Anh Van"]
[Black "Denkert, Robert"]
[Result "1/2-1/2"]
[Termination "normal"]
[Board "45"]
[WhiteElo "1630"]
[BlackElo "1631"]
[PlyCount "42"]
[WhiteFideId "12908223"]
[BlackFideId "12957216"]
[EventCountry "GER"]
[EventRounds "9"]
[EventType "swiss"]
[EventDate "2013.05.18"]

1. e4 e6 2. c4 Ne7 3. Nc3 d5 4. cxd5 exd5 5. exd5 Nxd5 6. Nf3 Nc6 7. Be2 Bb4 8.
O-O O-O 9. Bc4 Be6 10. Nxd5 Bxd5 11. Bxd5 Qxd5 12. d4 Rad8 13. Be3 Rd7 14. Qc2
h6 15. Rfd1 Rfd8 16. h3 Qe6 17. a3 Ba5 18. Rac1 Bb6 19. Qc3 Qe4 20. Qd3 Qe7 21.
Qc3 Qe4 1/2-1/2

[Event "ODEM U25A 2013"]
[Site "Oberhof GER"]
[Date "2013.05.22"]
[Round "6"]
[White "Halas, Lena"]
[Black "Wendler, Simon"]
[Result "1-0"]
[Termination "normal"]
[Board "46"]
[WhiteElo "1668"]
[BlackElo "1413"]
[PlyCount "57"]
[WhiteFideId "12931799"]
[BlackFideId "12938351"]
[EventCountry "GER"]
[EventRounds "9"]
[EventType "swiss"]
[EventDate "2013.05.18"]

1. e4 e5 2. Nf3 Nc6 3. d4 exd4 4. Nxd4 Qh4 5. Nc3 Bb4 6. Ndb5 Ba5 7. Bd3 a6 8.
Na3 Nf6 9. Qe2 O-O 10. O-O Bxc3 11. bxc3 Re8 12. f3 d5 13. h3 dxe4 14. fxe4
Nxe4 15. Rf4 Qg3 16. Rxe4 Be6 17. Bf4 Qh4 18. Qe3 Qe7 19. Nc4 f5 20. Bg5 Qf7
21. Ne5 Qf8 22. Rf1 h6 23. Nxc6 hxg5 24. Rxe6 bxc6 25. Rxf5 Qa3 26. Rxe8+ Rxe8
27. Qxe8+ Kh7 28. Rxg5+ Kh6 29. Qg6# 1-0

[Event "ODEM U25A 2013"]
[Site "Oberhof GER"]
[Date "2013.05.22"]
[Round "6"]
[White "Peters, Theresa"]
[Black "Kitze, Lukas"]
[Result "1/2-1/2"]
[Termination "normal"]
[Board "47"]
[WhiteElo "1467"]
[BlackElo "1611"]
[PlyCount "47"]
[WhiteFideId "12952192"]
[BlackFideId "12932159"]
[EventCountry "GER"]
[EventRounds "9"]
[EventType "swiss"]
[EventDate "2013.05.18"]

1. d4 Nf6 2. Nf3 g6 3. Bf4 Bg7 4. e3 O-O 5. Be2 d5 6. Nbd2 Nbd7 7. O-O b6 8.
Rc1 Bb7 9. c4 c5 10. Nb3 cxd4 11. exd4 Rc8 12. Rc2 Ne4 13. Qc1 Ba6 14. Re1 dxc4
15. Bxc4 Bxc4 16. Rxc4 Rxc4 17. Qxc4 Ndf6 18. Ne5 Qc8 19. Qxc8 Rxc8 20. g4 g5
21. Be3 Rc2 22. f3 Nd6 23. Nd3 h6 24. Bf2 1/2-1/2

[Event "ODEM U25A 2013"]
[Site "Oberhof GER"]
[Date "2013.05.22"]
[Round "6"]
[White "Walther, Jochen"]
[Black "Bossert, Felix"]
[Result "0-1"]
[Termination "normal"]
[Board "48"]
[WhiteElo "1700"]
[BlackElo "1522"]
[PlyCount "48"]
[BlackFideId "12960977"]
[EventCountry "GER"]
[EventRounds "9"]
[EventType "swiss"]
[EventDate "2013.05.18"]

1. e4 c5 2. Nf3 d6 3. d4 cxd4 4. Nxd4 Nf6 5. Nc3 g6 6. f3 Bg7 7. Be3 O-O 8. Qd2
Nc6 9. O-O-O Bd7 10. g4 a6 11. h4 Rc8 12. h5 Ne5 13. hxg6 fxg6 14. Bh6 b5 15.
Bxg7 Kxg7 16. Nce2 Rf7 17. Nf4 Kg8 18. Rh6 Qf8 19. g5 Nxe4 20. fxe4 Rxf4 21.
Bd3 Rf2 22. Qb4 Nxd3+ 23. Rxd3 Qf4+ 24. Rd2 Rf1# 0-1

[Event "ODEM U25A 2013"]
[Site "Oberhof GER"]
[Date "2013.05.22"]
[Round "6"]
[White "Schreiber, Justina"]
[Black "Maßloch, Philipp"]
[Result "0-1"]
[Termination "normal"]
[Board "49"]
[WhiteElo "1603"]
[BlackElo "1649"]
[PlyCount "80"]
[WhiteFideId "24661570"]
[BlackFideId "24692476"]
[EventCountry "GER"]
[EventRounds "9"]
[EventType "swiss"]
[EventDate "2013.05.18"]

1. e4 c5 2. c3 d5 3. exd5 Qxd5 4. d4 Nc6 5. Nf3 Bg4 6. Be3 Bxf3 7. Qxf3 Qxf3 8.
gxf3 cxd4 9. cxd4 O-O-O 10. Nd2 Nxd4 11. Rc1+ Kb8 12. Bxd4 Rxd4 13. Nb3 Rd8 14.
Bc4 e6 15. O-O Nf6 16. a3 Be7 17. Be2 Nd5 18. Na5 Nf4 19. Rfe1 Nxe2+ 20. Rxe2
Rc8 21. Rec2 Rxc2 22. Rxc2 Rc8 23. Rxc8+ Kxc8 24. Kf1 Kc7 25. Nc4 Bf6 26. b3 b5
27. Ne3 Kd6 28. Ke2 Bb2 29. Nc2 a5 30. a4 bxa4 31. bxa4 Kd5 32. Kd3 Kc5 33. h3
g5 34. Ne3 Kb4 35. Nc2+ Kxa4 36. Kc4 f5 37. Ne3 h5 38. Ng2 Ka3 39. Ne3 Bg7 40.
Nd1 a4 0-1

[Event "ODEM U25A 2013"]
[Site "Oberhof GER"]
[Date "2013.05.22"]
[Round "6"]
[White "Wodzinski, Kristin"]
[Black "Martin, Raphael"]
[Result "1-0"]
[Termination "normal"]
[Board "50"]
[WhiteElo "1643"]
[BlackElo "1682"]
[PlyCount "73"]
[WhiteFideId "12923141"]
[BlackFideId "12952036"]
[EventCountry "GER"]
[EventRounds "9"]
[EventType "swiss"]
[EventDate "2013.05.18"]

1. d4 d5 2. Nf3 e6 3. c4 Nf6 4. Bg5 Be7 5. Nc3 b6 6. g3 O-O 7. Bg2 Bb7 8. cxd5
Nxd5 9. Bxe7 Qxe7 10. O-O Nd7 11. Rc1 Rac8 12. a3 c5 13. Qd2 cxd4 14. Nxd4 Nxc3
15. Bxb7 Rc7 16. Bc6 Nd5 17. Nb5 Rcc8 18. Nxa7 Rc7 19. Nb5 Rcc8 20. Bxd5 exd5
21. Qxd5 Nf6 22. Qd2 Rcd8 23. Qc2 Rb8 24. e3 Rfd8 25. Nd4 Qf8 26. Qb3 Rb7 27.
Rc6 Rdb8 28. Nf5 Ne8 29. Rfc1 b5 30. Rc8 g6 31. Nd4 Qd6 32. Nf3 Qd7 33. Rxb8
Rxb8 34. Ne5 Qb7 35. Rd1 Nf6 36. g4 Qe4 37. Qxf7+ 1-0